000 00543nam a22001817a 4500
003 BDDh-ASL
005 20231015031023.0
008 220926n ii ||||| |||| 00| 0 urd d
040 _aBDDh-ASL
_cBDDh-ASL
041 _aurd
082 _a297
_bHAA
100 1 _96608
_aHai, Maulavi Abdul
_cRangoon
245 1 0 _aAs SabiilulAqwam Fi Tawdihil Muslim : / السبیل الاقوم فی توضیح المسلم
260 _aSaharanpur :
_bYahyavi Library ,
300 _a88 p. :
_c24 cm.
650 0 _96609
_aUsul-I Fiqh
942 _2ddc
_cBK
999 _c29330
_d29330